[Event "Titled Tue 17th Jun Early"]
[Site "chess.com INT"]
[Date "2025.06.17"]
[Round "10"]
[White "Uzuner, Tufan Can"]
[Black "Mai, Alexander Oliver"]
[Result "1/2-1/2"]
[WhiteTitle "CM"]
[BlackTitle "CM"]
[WhiteElo "1909"]
[BlackElo "2171"]
[WhiteFideId "6300499"]
[BlackFideId "2313391"]
[EventDate "2025.06.17"]

1. d4 Nf6 2. Nf3 e6 3. e3 d5 4. Bd3 c5 5. c3 Nc6 6. Nbd2 Be7 7. O-O O-O 8. dxc5
Bxc5 9. b4 Bd6 10. Bb2 Qc7 11. b5 Ne5 12. Nxe5 Bxe5 13. Nf3 Bd6 14. c4 dxc4 15.
Rc1 Qe7 16. Bxc4 Rd8 17. Qe2 Bd7 18. Rfd1 Be8 19. h3 Rac8 20. a4 Ba3 21. Bb3
Bxb2 22. Qxb2 Qb4 23. Rxd8 Rxd8 24. Qc3 Qxc3 25. Rxc3 Nd7 26. Rc7 Rb8 27. a5 Nf6
28. Bc4 Nd5 29. Bxd5 exd5 30. Nd4 a6 31. b6 Kf8 32. Kf1 Bb5+ 33. Nxb5 axb5 34.
Rc5 b4 35. Rxd5 Ra8 36. Rb5 b3 37. Ke2 b2 38. Rxb2 Rxa5 39. Kd3 Ra4 40. Kc3 Ke7
41. Kb3 Ra6 42. Kc4 Kd6 43. Kb5 Ra1 44. Rd2+ Ke7 45. Rb2 Rd1 46. Kc5 Rc1+ 47.
Kd5 Rd1+ 48. Ke4 Rc1 49. f4 Kd6 50. Kf5 Kc6 51. e4 Rc5+ 52. e5 Rb5 53. Re2 Kxb6
54. Ke4 Rb4+ 55. Kd5 Rxf4 56. Kd6 Ka5 57. Ra2+ Kb5 58. Rb2+ Ka6 59. Ra2+ Kb6 60.
Rb2+ Ka6 61. Ra2+ Kb5 62. Rb2+ Ka6 1/2-1/2

[Event "Titled Tue 17th Jun Early"]
[Site "chess.com INT"]
[Date "2025.06.17"]
[Round "10"]
[White "Zakirov, Musa"]
[Black "Purtseladze, Maka"]
[Result "1-0"]
[WhiteTitle "FM"]
[BlackTitle "IM"]
[WhiteElo "2209"]
[BlackElo "2261"]
[WhiteFideId "44189222"]
[BlackFideId "13602659"]
[EventDate "2025.06.17"]

1. e4 c6 2. d4 d5 3. exd5 cxd5 4. Bd3 Nc6 5. c3 Nf6 6. h3 e5 7. dxe5 Nxe5 8. Nf3
Nxd3+ 9. Qxd3 Bd6 10. O-O O-O 11. Be3 Be6 12. Nbd2 Nd7 13. Rfe1 Ne5 14. Nxe5
Bxe5 15. Bd4 Bd6 16. Nf3 h6 17. Ne5 Qh4 18. Re2 b6 19. Rae1 Rac8 20. Ng6 Qg5 21.
Nxf8 Rxf8 22. Be5 Bc5 23. a3 Bf5 24. Qd2 Qxd2 25. Rxd2 Be6 26. Bd4 Be7 27. Rde2
Bc5 28. Rd2 Rc8 29. Kh2 Kf8 30. g3 a5 31. f4 a4 32. Re5 g6 33. Re3 h5 34. Re1
Bxd4 35. Rxd4 b5 36. Rg1 Ke7 37. g4 hxg4 38. hxg4 Kd6 39. Kg3 Kc5 40. Rgd1 Rd8
41. Kh4 f6 42. Kg3 Rh8 43. R4d2 Kd6 44. Rg1 Rc8 45. Rh1 Rc4 46. Rd4 Rc7 47. Rh8
Rg7 48. Rb8 Kc6 49. Rf8 f5 50. g5 Rh7 51. Rf6 Kd7 52. Rxg6 Rh1 53. Rd2 Rg1+ 54.
Kf3 Bf7 55. Rg7 Ke8 56. Rh7 Kf8 57. Rhh2 Kg7 58. Ke3 Re1+ 59. Kf3 Re4 60. Rhe2
Bh5+ 61. Kf2 Bxe2 62. Rxe2 Rxf4+ 63. Kg3 Rg4+ 64. Kf3 Re4 65. Rd2 1-0

[Event "Titled Tue 17th Jun Early"]
[Site "chess.com INT"]
[Date "2025.06.17"]
[Round "10"]
[White "Rustamov, Rustam"]
[Black "Xue, Haowen"]
[Result "0-1"]
[WhiteTitle "FM"]
[BlackTitle "GM"]
[WhiteElo "2334"]
[BlackElo "2518"]
[WhiteFideId "13440110"]
[BlackFideId "8625492"]
[EventDate "2025.06.17"]

1. e4 c6 2. Nf3 d5 3. Nc3 dxe4 4. Nxe4 Nf6 5. Qe2 Nxe4 6. Qxe4 Nd7 7. Bc4 Nf6 8.
Ne5 e6 9. Qe2 b5 10. Bb3 Qc7 11. O-O Bd6 12. d4 O-O 13. c3 a5 14. Re1 c5 15.
dxc5 Qxc5 16. Ng4 Nd5 17. Bxd5 Qxd5 18. Rd1 Qc6 19. Ne5 Bxe5 20. Qxe5 Bb7 21. f3
Rad8 22. Be3 a4 23. Qc5 h6 24. Kf2 Rfe8 25. Qb6 Qxb6 26. Bxb6 Rxd1 27. Rxd1 Bd5
28. a3 f6 29. g4 g5 30. Be3 Kf7 31. h4 Kg6 32. Kg3 Rc8 33. Rd4 Rh8 34. Rd2 gxh4+
35. Kxh4 Bxf3 36. Rd7 Bd5 37. Bd4 h5 38. gxh5+ Rxh5+ 39. Kg3 Rg5+ 40. Kf2 Rg2+
41. Ke3 Rxb2 42. Rd8 Rb3 43. Rb8 e5 44. Ba7 Rxc3+ 45. Kd2 Rxa3 46. Rxb5 Be4 47.
Bc5 Rd3+ 48. Ke2 Rd5 49. Ke3 Kf5 50. Ra5 Bc2 51. Ke2 Bb3 52. Ke3 Kg4 53. Kf2 f5
54. Ke3 f4+ 55. Ke4 f3 56. Rb5 f2 0-1

[Event "Titled Tue 17th Jun Early"]
[Site "chess.com INT"]
[Date "2025.06.17"]
[Round "10"]
[White "Boramanikar, Tanisha S"]
[Black "Perry, Patrick"]
[Result "0-1"]
[WhiteTitle "WCM"]
[WhiteElo "1743"]
[BlackElo "2296"]
[WhiteFideId "35023454"]
[BlackFideId "30917727"]
[EventDate "2025.06.17"]

1. e4 Nf6 2. e5 Nd5 3. d4 d6 4. c4 Nb6 5. Nf3 Bg4 6. exd6 cxd6 7. Nc3 g6 8. h3
Bd7 9. Be2 Bg7 10. O-O O-O 11. Bf4 Nc6 12. Rc1 e5 13. dxe5 dxe5 14. Bg5 f6 15.
Be3 Be6 16. b3 Nd7 17. Qd6 Qe7 18. Rfd1 Qxd6 19. Rxd6 Rfe8 20. Rcd1 Nf8 21. Nb5
Rec8 22. h4 a6 23. Nc3 Rd8 24. Na4 Rxd6 25. Rxd6 Rd8 26. Rxd8 Nxd8 27. Nc5 Bc8
28. Nd2 Nfe6 29. Nde4 Nxc5 30. Nxc5 Kf7 31. h5 Ne6 32. hxg6+ hxg6 33. Bf3 Nxc5
34. Bxc5 f5 35. Bd5+ Kf6 36. Kf1 Bh6 37. Ke2 Bc1 38. f3 Bb2 39. Kd3 g5 40. g3 g4
41. fxg4 fxg4 42. Ke4 Bf5+ 43. Ke3 b5 44. Bb7 bxc4 45. bxc4 a5 46. Bb6 a4 47. c5
Be6 48. c6 Bxa2 49. c7 Be6 50. c8=Q Bxc8 51. Bxc8 a3 52. Bd8+ Kf7 53. Bb7 Ke6
54. Ke4 Kd7 55. Bd5 Kxd8 56. Ba2 Ke7 57. Kf5 Kd6 58. Kxg4 Kc5 59. Kf3 Kd4 60.
Ke2 e4 61. g4 Bc1 62. Ke1 Bg5 63. Ke2 Kc3 64. Bd5 Kb2 65. Ke1 a2 66. Ke2 a1=Q 0-1

[Event "Titled Tue 17th Jun Early"]
[Site "chess.com INT"]
[Date "2025.06.17"]
[Round "10"]
[White "Cardozo Munar, Carlos Eduardo"]
[Black "Fedorov, Artem Alek"]
[Result "1/2-1/2"]
[WhiteTitle "FM"]
[BlackTitle "CM"]
[WhiteElo "2052"]
[BlackElo "2157"]
[WhiteFideId "4409477"]
[BlackFideId "34418431"]
[EventDate "2025.06.17"]

1. d4 d5 2. c3 Nf6 3. Bg5 Bf5 4. Bxf6 gxf6 5. g3 e6 6. Bg2 c5 7. e3 Nc6 8. Ne2
Qb6 9. O-O Qxb2 10. Nd2 Bd3 11. Re1 c4 12. e4 O-O-O 13. exd5 exd5 14. Nf4 Bh6
15. Nxd5 Qxd2 16. Qa4 Rhe8 17. Rxe8 Rxe8 18. h4 Re1+ 19. Rxe1 Qxe1+ 20. Kh2 Qxf2
21. Ne7+ Kd7 22. Nxc6 bxc6 23. Qxc6+ Ke7 24. d5 Qb6 25. d6+ Kd8 26. Qd5 Bg6 27.
Bh3 Qf2+ 28. Bg2 Qf5 29. Qa8+ Qc8 30. Qxa7 Bf8 31. Qb6+ Kd7 32. Bh3+ f5 33. h5
Bxd6 34. hxg6 hxg6 35. Qd4 Qc5 36. Qxc5 Bxc5 37. Bf1 f4 38. Bxc4 fxg3+ 39. Kxg3
f5 40. Kf4 Be7 41. a4 Bf6 42. Bd3 Ke6 43. c4 g5+ 44. Kf3 Bd4 45. a5 g4+ 46. Kg2
Ke5 47. a6 Kf4 48. Be2 Kg5 49. Bd1 Bc5 50. Be2 Kf4 51. Bd1 Ke3 52. Kg3 Bd6+ 53.
Kg2 Bb8 54. c5 f4 55. Bxg4 Kd4 56. c6 Kc5 57. Bf3 Kb6 58. Kh3 Kxa6 59. Kg4 Kb6
60. Kf5 Bc7 61. Ke6 Bb8 62. Kd7 Bc7 63. Be4 Be5 64. Bf3 Bc7 65. Kc8 Be5 66. Kd7
Bc7 1/2-1/2

[Event "Titled Tue 17th Jun Early"]
[Site "chess.com INT"]
[Date "2025.06.17"]
[Round "10"]
[White "Matinian, Nikita"]
[Black "Panda, Sambit"]
[Result "0-1"]
[WhiteTitle "GM"]
[BlackTitle "IM"]
[WhiteElo "2421"]
[BlackElo "2379"]
[WhiteFideId "24129100"]
[BlackFideId "25091794"]
[EventDate "2025.06.17"]

1. e4 c6 2. Nc3 d5 3. Nf3 dxe4 4. Nxe4 Nf6 5. Qe2 Bg4 6. Nxf6+ gxf6 7. h3 Bxf3
8. Qxf3 Qd5 9. Qxd5 cxd5 10. d4 Nc6 11. Be3 h5 12. Bb5 Bh6 13. Bxc6+ bxc6 14.
Kd2 h4 15. a4 Kd7 16. Ra3 Rag8 17. Rg1 f5 18. Bxh6 Rxh6 19. Ke2 Re6+ 20. Kf3 Rb8
21. Rb1 Re4 22. c3 f6 23. b4 e5 24. b5 Kc7 25. Rd1 Rf4+ 26. Ke2 Rg8 27. Kf1 Rb8
28. Rb3 a6 29. Rdb1 axb5 30. axb5 Rxb5 31. Rxb5 cxb5 32. Rxb5 Kc6 33. Rb4 Re4
34. dxe5 fxe5 35. Rxe4 fxe4 36. g4 hxg3 37. h4 g2+ 38. Kxg2 Kd6 39. f3 e3 40.
Kf1 d4 41. c4 e4 42. fxe4 Ke5 43. c5 Kxe4 44. c6 Kd3 45. c7 Kd2 46. c8=Q e2+ 47.
Kg2 e1=Q 48. Qd8 Qe4+ 49. Kg3 d3 50. h5 Qe3+ 51. Kg4 Ke2 52. Qd5 d2 53. Qb5+ Qd3
54. Qe5+ Qe3 55. Qb5+ Ke1 56. Qb4 Kf1 57. Qb5+ Qe2+ 58. Qxe2+ Kxe2 0-1

[Event "Titled Tue 17th Jun Early"]
[Site "chess.com INT"]
[Date "2025.06.17"]
[Round "10"]
[White "Barrientos, Ernesto"]
[Black "Rubes, Jan"]
[Result "0-1"]
[WhiteTitle "CM"]
[BlackTitle "IM"]
[WhiteElo "2027"]
[BlackElo "2426"]
[WhiteFideId "3701247"]
[BlackFideId "338176"]
[EventDate "2025.06.17"]

1. e4 c5 2. Nf3 d6 3. d4 cxd4 4. Nxd4 Nf6 5. Nc3 a6 6. h3 e6 7. g4 Be7 8. Bg2
O-O 9. O-O Qc7 10. Be3 Nc6 11. f4 Nd7 12. Qe2 Re8 13. Rad1 Nxd4 14. Bxd4 b5 15.
a3 Bb7 16. g5 Bf8 17. h4 Rac8 18. h5 e5 19. fxe5 Nxe5 20. Bh3 Rcd8 21. Qf2 Re7
22. Bb6 Qb8 23. Bxd8 Qxd8 24. Nd5 Re8 25. Qg3 Bxd5 26. Rxd5 Qb6+ 27. Qf2 Qd8 28.
Qf4 g6 29. h6 Qc7 30. Rf2 Qe7 31. Qf6 Qxf6 32. Rxf6 Be7 33. Rfxd6 Bxd6 34. Rxd6
Nf3+ 35. Kg2 Nxg5 36. Rxa6 Nxe4 37. Rb6 f5 38. Rxb5 Rd8 39. Kf3 Rd2 40. Rb8+ Kf7
41. Rb7+ Kf6 42. Rc7 Rf2+ 43. Ke3 Rh2 44. Bf1 Rxh6 45. a4 Ke5 46. Re7+ Kd6 47.
Ra7 Rh1 48. Bd3 Nc5 49. b4 Nxd3 50. Kxd3 f4 51. b5 Rb1 52. Rxh7 Rb4 53. Ra7 g5
54. Ra6+ Ke5 55. b6 g4 56. Ra7 f3 57. Ke3 Re4+ 58. Kf2 Re2+ 59. Kf1 g3 60. b7
g2+ 61. Kg1 Re1+ 62. Kf2 g1=Q+ 63. Kxf3 Re3# 0-1

[Event "Titled Tue 17th Jun Early"]
[Site "chess.com INT"]
[Date "2025.06.17"]
[Round "10"]
[White "Niemann, Hans Moke"]
[Black "Carlsen, Magnus"]
[Result "0-1"]
[WhiteTitle "GM"]
[BlackTitle "GM"]
[WhiteElo "2736"]
[BlackElo "2837"]
[WhiteFideId "2093596"]
[BlackFideId "1503014"]
[EventDate "2025.06.17"]

1. e4 e5 2. Nf3 Nc6 3. Bc4 Nf6 4. d3 Bc5 5. O-O O-O 6. h3 d6 7. c3 a6 8. Re1 h6
9. a4 Ba7 10. b4 Ne7 11. d4 Ng6 12. Bd3 Re8 13. Nbd2 c6 14. Bc2 Qc7 15. Nf1 a5
16. bxa5 Qxa5 17. Ng3 Be6 18. Bd2 Qc7 19. Rb1 Rad8 20. Qc1 Kh7 21. Be3 Ra8 22.
Qd2 Rad8 23. Qc1 Ra8 24. Qb2 Re7 25. Rbd1 Qa5 26. Qa3 Rae8 27. Bd2 Qc7 28. Be3
Qa5 29. Rc1 Kg8 30. Qxd6 Qxc3 31. dxe5 Rd7 32. Bxa7 Rxd6 33. exd6 Ne5 34. Nd4
Qa5 35. Nxe6 Qxa7 36. Nc7 Rd8 37. Red1 g6 38. Ne2 Qc5 39. Bb1 Qa3 40. f4 Ned7
41. Rc3 Qxa4 42. Bc2 Qa7+ 43. Kf1 Nc5 44. e5 Nce4 45. Rf3 Qa2 46. Nd4 Qc4+ 47.
Kg1 Nxd6 48. exd6 Rxd6 49. Bb3 Qc5 50. Rfd3 Qb6 51. Na8 Qa5 52. Nxc6 Rxc6 53.
Rd8+ Kg7 54. Kh1 Rc1 55. Rxc1 Qxd8 56. Nc7 Qd2 57. Rc4 Qe3 58. Bc2 Nh5 59. Nd5
Qd2 60. Kh2 Qxd5 0-1

[Event "Titled Tue 17th Jun Early"]
[Site "chess.com INT"]
[Date "2025.06.17"]
[Round "10"]
[White "Samunenkov, Ihor"]
[Black "Lyakh, Vasiliy"]
[Result "1-0"]
[WhiteTitle "GM"]
[WhiteElo "2562"]
[BlackElo "2123"]
[WhiteFideId "14187086"]
[BlackFideId "14189828"]
[EventDate "2025.06.17"]

1. e4 c5 2. Nf3 d6 3. d4 cxd4 4. Nxd4 Nf6 5. Nc3 a6 6. Be2 e5 7. Nb3 Be7 8. g4
Be6 9. g5 Nfd7 10. h4 Nc6 11. Be3 b5 12. a4 bxa4 13. Rxa4 a5 14. Bb5 Nb4 15. Nd5
Nxd5 16. exd5 Bf5 17. Qd2 O-O 18. Nxa5 Nb8 19. b3 Qc7 20. O-O Qxc2 21. Qxc2 Bxc2
22. Rc1 Bf5 23. Bc6 Nxc6 24. Nxc6 Rae8 25. b4 Be4 26. Rd1 Bc2 27. Rda1 Bxa4 28.
Rxa4 f6 29. b5 Bd8 30. b6 Bxb6 31. Bxb6 fxg5 32. hxg5 Rf5 33. Be3 e4 34. Ra7 Kf8
35. Nb4 Rb8 36. Bd2 Rc8 37. Rd7 Rb8 38. Rxd6 Rb5 39. Re6 e3 40. fxe3 Rxg5+ 41.
Kf2 Rgxd5 42. Nxd5 Rxd5 43. Bc3 Kf7 44. Rc6 Rd7 45. e4 Ra7 46. e5 Rb7 47. Kf3
Rb3 48. Ke4 Rb5 49. Kf5 g6+ 50. Ke4 h5 51. Bd2 h4 52. Bg5 Rb4+ 53. Kf3 h3 54.
e6+ Kg7 55. Rc7+ Kf8 56. Rc8+ Kg7 57. e7 h2 58. Kg2 Rb2+ 59. Kh1 Kh7 60. e8=Q
Rb1+ 61. Kxh2 Rb2+ 62. Kg3 Rb3+ 63. Be3 1-0

[Event "Titled Tue 17th Jun Early"]
[Site "chess.com INT"]
[Date "2025.06.17"]
[Round "10"]
[White "Blackburn, Jonathan L B"]
[Black "Omariev, Maksim"]
[Result "1-0"]
[WhiteTitle "FM"]
[BlackTitle "FM"]
[WhiteElo "2207"]
[BlackElo "2304"]
[WhiteFideId "1801090"]
[BlackFideId "4193423"]
[EventDate "2025.06.17"]

1. d4 h5 2. h4 d5 3. a4 a5 4. e3 Nf6 5. g3 Bg4 6. f3 Bf5 7. Bd3 e6 8. Kf2 Bd6 9.
Ne2 Qe7 10. Nbc3 c6 11. Bxf5 exf5 12. Qd3 g6 13. Nf4 Nbd7 14. Nce2 O-O 15. c3
Rfe8 16. Bd2 Nb6 17. b3 Nc8 18. c4 Bxf4 19. Nxf4 Nd6 20. c5 Nc8 21. Rac1 Qc7 22.
Rcg1 Ne7 23. g4 fxg4 24. fxg4 Nxg4+ 25. Rxg4 hxg4 26. h5 g5 27. Ne2 f5 28. h6
Kh7 29. Ng3 Rf8 30. Rh5 Rf6 31. Rxg5 Kxh6 32. Rh5+ Kg7 33. Kg2 Rh8 34. Be1 Kg8
35. Rxh8+ Kxh8 36. Nh5 Rf7 37. Bg3 Qd7 38. Be5+ Kg8 39. Nf6+ Rxf6 40. Bxf6 Ng6
41. Bg5 Qe6 42. Qd2 Qe4+ 43. Kg1 Qf3 44. Qxa5 Qg3+ 45. Kf1 Qf3+ 46. Ke1 g3 47.
Qd8+ Nf8 48. Be7 Qf2+ 49. Kd1 Qf1+ 50. Kc2 Qe2+ 51. Kc3 Qxe3+ 52. Kb4 Qd2+ 53.
Ka3 Qc1+ 54. Ka2 Qh6 55. Bxf8 Qxf8 56. Qg5+ Qg7 57. Qd8+ Kh7 58. Qh4+ Kg8 59.
Qd8+ Kf7 60. Qd7+ Kf6 61. Qd6+ Kg5 62. Qxg3+ Kf6 63. Qd6+ Kf7 64. Qd7+ Kg8 65.
Qe8+ Kh7 66. Qh5+ Kg8 67. Qe8+ Kh7 68. Qh5+ 1-0

[Event "Titled Tue 17th Jun Early"]
[Site "chess.com INT"]
[Date "2025.06.17"]
[Round "10"]
[White "Wahedi, Ahmad Siar"]
[Black "Nurgaliyeva, Zarina"]
[Result "0-1"]
[WhiteTitle "FM"]
[BlackTitle "WFM"]
[WhiteElo "2239"]
[BlackElo "2252"]
[WhiteFideId "4651260"]
[BlackFideId "13730096"]
[EventDate "2025.06.17"]

1. e4 e5 2. Nf3 Nc6 3. Bb5 a6 4. Ba4 Nf6 5. O-O Be7 6. d3 b5 7. Bb3 d6 8. c3 O-O
9. Nbd2 Be6 10. Bc2 h6 11. Re1 Re8 12. Nf1 Bf8 13. Ng3 d5 14. a4 b4 15. Be3 a5
16. Qe2 Bc8 17. Rad1 Ba6 18. Qd2 bxc3 19. bxc3 d4 20. cxd4 exd4 21. Bf4 Bb4 22.
Qc1 Bxe1 23. Nxe1 Nb4 24. Bb3 Bc8 25. Bxh6 gxh6 26. Qxh6 Nh7 27. Bxf7+ Kxf7 28.
Qxh7+ Kf8 29. Qh8+ Ke7 30. Qg7+ Ke6 31. Nf3 Rg8 32. Nxd4+ Kd6 33. Nb5+ Kc6 34.
Rc1+ Kb6 35. Qh6+ c6 36. Qe3+ Kb7 37. Nd4 Qb6 38. Nge2 Rd8 39. Qg5 Rxd4 40. Nxd4
Qxd4 41. Qe7+ Bd7 42. h3 Re8 43. Qg5 Rf8 44. Rf1 Nxd3 45. Qxa5 Rxf2 46. Rb1+
Rb2+ 47. Kh2 Rxb1 48. Qg5 Qe5+ 49. Qxe5 Nxe5 50. Kg3 Rb4 51. Kf4 Nf7 52. g4 Rxa4
53. g5 Nd6 54. g6 Rxe4+ 55. Kg5 Re3 56. h4 Be6 57. Kf6 Bd5 58. h5 Rf3+ 59. Ke5
Kc7 60. h6 Rf5+ 61. Kd4 Rh5 62. h7 Nf5+ 63. Ke5 Ne7+ 64. Kf6 Nxg6 65. Kxg6 Rxh7
66. Kxh7 c5 67. Kg6 c4 68. Kf5 c3 69. Kf4 c2 70. Ke3 c1=Q+ 71. Kd4 Qc4+ 0-1

[Event "Titled Tue 17th Jun Early"]
[Site "chess.com INT"]
[Date "2025.06.17"]
[Round "10"]
[White "Akobian, Varuzhan"]
[Black "Dehtiarov, Roman"]
[Result "1-0"]
[WhiteTitle "GM"]
[BlackTitle "FM"]
[WhiteElo "2551"]
[BlackElo "2416"]
[WhiteFideId "13300580"]
[BlackFideId "14186640"]
[EventDate "2025.06.17"]

1. d4 Nf6 2. c4 e6 3. Nf3 d5 4. cxd5 exd5 5. Nc3 c6 6. Qc2 Be7 7. Bg5 Nbd7 8. e3
h6 9. Bh4 Nh5 10. Bxe7 Qxe7 11. Be2 Nb6 12. O-O g6 13. Bd3 Be6 14. Rab1 O-O 15.
b4 Ng7 16. Rfc1 Rac8 17. a4 a6 18. Ne5 Bf5 19. h3 Bxd3 20. Qxd3 Nf5 21. b5 axb5
22. axb5 c5 23. dxc5 Rxc5 24. Nf3 Rfc8 25. Ne2 Qe4 26. Qxe4 dxe4 27. Rxc5 Rxc5
28. Nfd4 Nxd4 29. Nxd4 Nd5 30. g4 Kf8 31. Kg2 Nc7 32. Ra1 b6 33. Rb1 Ke7 34. h4
Kd6 35. Rd1 Ke7 36. Nc6+ Kf8 37. Rd8+ Kg7 38. Rd7 Nxb5 39. Nd8 Kf8 40. Nxf7 Rc7
41. Rxc7 Nxc7 42. Nd6 b5 43. Nxe4 b4 44. Nd2 Ke7 45. Kf3 Ke6 46. Ke4 Nd5 47. Kd3
Nf6 48. f3 h5 49. g5 Nd5 50. Nb3 Ke5 51. Nd4 Ne7 52. f4+ Kd6 53. e4 Ng8 54. Kc4
Ne7 55. Kxb4 Nc8 56. Kc4 Nb6+ 57. Kd3 Nd7 58. Nf3 Nc5+ 59. Kd4 Ne6+ 60. Ke3 Ke7
61. Ne5 Nf8 62. f5 gxf5 63. exf5 Nh7 64. Kf4 Kd6 65. Ng6 Kd5 66. f6 Ke6 67. Ke4
Nxf6+ 68. gxf6 Kxf6 69. Nf4 Kg7 70. Kf5 Kh6 71. Kf6 Kh7 72. Kg5 Kg7 73. Kxh5 Kh7
74. Kg5 Kh8 75. h5 Kg8 76. Kg6 Kh8 77. h6 Kg8 78. Nh3 Kh8 79. Ng5 Kg8 80. h7+ 1-0

[Event "Titled Tue 17th Jun Early"]
[Site "chess.com INT"]
[Date "2025.06.17"]
[Round "10"]
[White "Toroptseva, Yevheniia"]
[Black "Nezamyatin, Ruslan"]
[Result "1/2-1/2"]
[WhiteTitle "WFM"]
[BlackTitle "CM"]
[WhiteElo "2104"]
[BlackElo "2070"]
[WhiteFideId "34109374"]
[BlackFideId "24153451"]
[EventDate "2025.06.17"]

1. Nc3 d5 2. e4 d4 3. Nce2 e5 4. d3 c5 5. f4 Nc6 6. Nf3 Bd6 7. g3 Nge7 8. Bg2 h5
9. O-O Bg4 10. h3 Bxf3 11. Rxf3 Qd7 12. f5 f6 13. a3 O-O-O 14. Bd2 Rdf8 15. b4
cxb4 16. axb4 a6 17. Qb1 Na7 18. c4 dxc3 19. Nxc3 Nb5 20. Nxb5 Qxb5 21. Ra5 Qb6+
22. Kh2 Nc6 23. Ra2 Nd4 24. Rf1 Kb8 25. Rb2 Qb5 26. Be3 Rc8 27. h4 Rc3 28. Rd1
Rhc8 29. Bxd4 exd4 30. Bf1 Qe5 31. Rg2 R8c6 32. Qa2 Ka7 33. Rb1 Rb6 34. Qf7 Rxb4
35. Rxb4 Bxb4 36. Qxh5 Rc1 37. Be2 Bd6 38. Bf3 Rc3 39. Be2 Rc2 40. Qg4 a5 41.
Bf1 Rxg2+ 42. Bxg2 a4 43. Qxg7 a3 44. h5 a2 45. h6 a1=Q 46. h7 Qe1 47. h8=Q
Q1xg3+ 48. Qxg3 Qxg3+ 49. Kg1 Qe1+ 50. Bf1 Bf4 51. Qh3 Bg3 52. Qg2 Qe3+ 53. Kh1
Qh6+ 54. Kg1 Qe3+ 55. Kh1 Bf4 56. Qa2+ Kb8 57. Qg8+ Kc7 58. Qc4+ Kb6 59. Qb4+
Ka6 60. Qa4+ Kb6 61. Qb4+ Kc6 62. Qc4+ Kd6 63. Qe6+ Kc5 64. Qc4+ Kd6 65. Qe6+
Kc7 66. Qc4+ Kb8 67. Qg8+ Ka7 68. Qa2+ Kb6 69. Qb3+ Kc7 70. Qf7+ Kd6 71. Qd5+
Kc7 72. Qc4+ 1/2-1/2

[Event "Titled Tue 17th Jun Early"]
[Site "chess.com INT"]
[Date "2025.06.17"]
[Round "10"]
[White "Moksh, Amit Doshi"]
[Black "Jval Saurin Patel"]
[Result "1-0"]
[WhiteTitle "IM"]
[BlackTitle "FM"]
[WhiteElo "2366"]
[BlackElo "2331"]
[WhiteFideId "25064967"]
[BlackFideId "25968343"]
[EventDate "2025.06.17"]

1. d4 Nf6 2. c4 c5 3. Nf3 cxd4 4. Nxd4 e5 5. Nb5 d5 6. cxd5 Bc5 7. e3 O-O 8.
N5c3 e4 9. Nd2 Bf5 10. Be2 Nbd7 11. Nb3 Bd6 12. Nd4 Bg6 13. Bd2 a6 14. Qb3 Nc5
15. Qd1 b5 16. Rc1 Qd7 17. h3 b4 18. Nb1 Nxd5 19. O-O Qe7 20. Nc6 Qe6 21. Nxb4
Qe5 22. g3 Nxb4 23. Bxb4 Rad8 24. Qd4 Qxd4 25. exd4 Ne6 26. Bc3 Be7 27. Rfd1 Bg5
28. Rc2 e3 29. Bd3 Nxd4 30. Bxg6 Nf3+ 31. Kg2 Rxd1 32. Be4 exf2 33. Rxf2 Ne1+
34. Bxe1 Rxe1 35. Nc3 Bf6 36. Bd3 a5 37. Nd5 Bd4 38. Rc2 g6 39. h4 Rd8 40. Bc4
Re5 41. Nf6+ Kg7 42. Ng4 Re1 43. Rd2 Bb6 44. Rxd8 Bxd8 45. b3 Bb6 46. a4 Ra1 47.
Kf3 h5 48. Nh2 Ra2 49. Nf1 f5 50. Ne3 Kh6 51. Bd5 Kg7 52. Bc4 Rd2 53. Bb5 Kf8
54. Bc4 Ke8 55. Bb5+ Kd8 56. Be2 Kc7 57. Nc4 Rd4 58. Ne5 Rd6 59. Bc4 Re6 60.
Bxe6 Kd6 61. Nc4+ 1-0

[Event "Titled Tue 17th Jun Early"]
[Site "chess.com INT"]
[Date "2025.06.17"]
[Round "10"]
[White "Gavarrete, Nahun"]
[Black "Weisz, Bryan"]
[Result "0-1"]
[WhiteTitle "FM"]
[WhiteElo "2281"]
[BlackElo "2059"]
[WhiteFideId "8400709"]
[BlackFideId "30934133"]
[EventDate "2025.06.17"]

1. e4 d5 2. exd5 Nf6 3. c4 e6 4. dxe6 Bxe6 5. Nc3 Qe7 6. Nf3 Bxc4+ 7. Be2 Bxe2
8. Qxe2 Qxe2+ 9. Kxe2 Nc6 10. d4 O-O-O 11. Be3 Nd5 12. a3 Be7 13. Rhd1 Bf6 14.
Rd3 Rhe8 15. Kf1 h6 16. g3 g5 17. h3 Bg7 18. Kg2 Nde7 19. Rad1 Nf5 20. g4 Nd6
21. d5 Ne7 22. Bd4 Bxd4 23. Rxd4 Ng6 24. Kg3 Nf4 25. R1d2 f6 26. h4 Re7 27. h5
Rde8 28. Kh2 f5 29. Kg3 fxg4 30. Kxg4 Rf7 31. a4 Nf5 32. Re4 Ref8 33. Nd4 Nd6
34. Re1 Nc4 35. Rc2 a6 36. Ne4 Ne5+ 37. Kg3 Nfd3 38. Re3 Rf4 39. Ne6 Rg4+ 40.
Kh2 Rf3 41. Ng3 Rxe3 42. fxe3 Nf3+ 43. Kg2 Nfe1+ 44. Kh3 Rxg3+ 45. Kxg3 Nxc2 46.
Nf8 Nxb2 47. Ng6 Nxe3 48. Ne5 Nxd5 49. Nf7 Nf6 50. Nxh6 Nxh5+ 51. Kg4 Nf6+ 52.
Kxg5 Nd5 53. Kf5 Nc3 54. Ke5 Nbxa4 55. Kd4 b5 56. Kd3 c5 57. Kc2 c4 58. Nf5 Kb8
59. Nd6 Kc7 60. Nf7 Kb6 61. Ne5 Kc5 62. Nd7+ Kb4 63. Nb8 a5 64. Nc6+ Ka3 65.
Nxa5 Nd5 66. Kb1 Kb4 67. Nc6+ Kc5 68. Ne5 Nac3+ 69. Kc2 b4 70. Nd7+ Kd4 71. Nb8
b3+ 72. Kb2 Na4+ 73. Ka3 b2 74. Ka2 Ndc3+ 75. Ka3 b1=Q 76. Nc6+ Kc5 77. Nd4 Qb4# 0-1

[Event "Titled Tue 17th Jun Early"]
[Site "chess.com INT"]
[Date "2025.06.17"]
[Round "10"]
[White "Kholyavko, Mariya"]
[Black "El Zein, Zayne-Eddine"]
[Result "1-0"]
[WhiteTitle "WFM"]
[BlackTitle "CM"]
[WhiteElo "2175"]
[BlackElo "2194"]
[WhiteFideId "13748505"]
[BlackFideId "5313210"]
[EventDate "2025.06.17"]

1. g3 d6 2. Bg2 Nf6 3. e4 g6 4. Ne2 Bg7 5. d4 O-O 6. Nbc3 e5 7. h3 c6 8. a4 a5
9. O-O Na6 10. Be3 Re8 11. Qd2 exd4 12. Bxd4 Nc5 13. f3 Ne6 14. Bf2 d5 15. e5
Nd7 16. f4 Nb6 17. b3 Bf8 18. Rad1 Bc5 19. Bxc5 Nxc5 20. g4 Nbd7 21. Ng3 Nf8 22.
Qf2 Ncd7 23. Kh2 Qb6 24. Qf3 Qb4 25. Nce2 b6 26. Nd4 Bb7 27. c3 Qe7 28. Qf2 Rad8
29. Rde1 Qc5 30. Qd2 Qa3 31. b4 axb4 32. cxb4 c5 33. Nb5 Qxb4 34. Qxb4 cxb4 35.
Nd6 Nc5 36. Nxe8 Rxe8 37. Rb1 b3 38. Rfd1 Nfe6 39. Ne2 Rd8 40. f5 Ng5 41. Nf4
Nge4 42. Bxe4 Nxe4 43. Rxb3 g5 44. Rxb6 gxf4 45. Rxb7 f3 46. Kg1 d4 47. Rb4 Nc3
48. Rd2 d3 49. Kf2 Ne4+ 50. Rxe4 Rc8 51. Kxf3 Rc1 52. Ke3 Rh1 53. Kxd3 Rxh3+ 54.
Re3 Rh4 55. Rg2 Rh1 56. a5 Ra1 57. Ke4 Ra4+ 58. Kf3 Rxa5 59. g5 Ra6 60. e6 fxe6
61. fxe6 Kf8 62. e7+ Ke8 63. Rd2 Ra8 64. Rh2 Ra1 65. Rxh7 Rf1+ 66. Ke2 Rg1 67.
Rh8+ Kd7 68. e8=Q+ Kd6 69. Qd8+ Kc5 70. Qc7+ Kb4 71. Rb8+ 1-0

[Event "Titled Tue 17th Jun Early"]
[Site "chess.com INT"]
[Date "2025.06.17"]
[Round "10"]
[White "Celik, Ali Alper"]
[Black "Mora Munoz, Alejandro"]
[Result "1-0"]
[WhiteTitle "FM"]
[BlackTitle "FM"]
[WhiteElo "2213"]
[BlackElo "2147"]
[WhiteFideId "44569955"]
[BlackFideId "4469844"]
[EventDate "2025.06.17"]

1. e4 c5 2. Nc3 Nc6 3. Bb5 Nd4 4. Bc4 e6 5. Nge2 g6 6. Nxd4 cxd4 7. Nb5 Qb6 8.
c3 dxc3 9. dxc3 a6 10. Nd4 d6 11. O-O Nf6 12. Re1 Be7 13. Bb3 O-O 14. Bh6 Re8
15. h3 Bd7 16. Qf3 e5 17. Nf5 Bxf5 18. exf5 Qc6 19. Qg3 Nh5 20. Qg4 Nf6 21. Qe2
a5 22. fxg6 hxg6 23. Qd3 e4 24. Qg3 d5 25. Rad1 a4 26. Bc2 Nh5 27. Qg4 f5 28.
Qe2 Kh7 29. Be3 Rad8 30. Bd4 Nf4 31. Qd2 Bd6 32. g3 Nh5 33. Kg2 f4 34. g4 f3+
35. Kf1 Nf4 36. Be3 Ng2 37. Qxd5 Qxd5 38. Rxd5 Nxe1 39. Kxe1 Bc7 40. Rxd8 Bxd8
41. Bxa4 Re5 42. Bb3 b5 43. Bc2 Bg5 44. Kd2 Rd5+ 45. Ke1 Bxe3 46. fxe3 Re5 47.
Kf2 Kh6 48. h4 Kg7 49. a4 bxa4 50. Bxa4 Ra5 51. Bc6 Ra2 52. Bxe4 Rxb2+ 53. Kxf3
Kf6 54. c4 Rb3 55. c5 Rc3 56. c6 Rc1 57. g5+ Kf7 58. Kf4 Rc5 59. Bf3 Rc4+ 60.
Ke5 Ke7 61. Be4 Rc5+ 62. Kd4 Rc1 63. Bxg6 Rxc6 64. Bf5 Kf7 65. h5 Ra6 66. Ke5
Ra5+ 67. Kf4 Ra1 68. h6 Rf1+ 69. Ke5 Re1 70. g6+ Kg8 71. Be6+ Kh8 72. g7+ 1-0